Éléments sur les drapeaux de pays - Mort subite - Statistiques

Statistiques générales
  • Ce quiz a été pris 16 852 fois
    13 592 depuis la dernière actualisation
  • Le résultat moyen est 11 sur 20
Answers on the Grid
Answers color-coded by a green-red scale on the quiz's grid according to % correct below.
Un dragon
Un fusil
Un serpent
Un croissant de lune
Une clé
Un navire
Une lance
Un arbre
Du feu
Un homme
Une couronne
Un temple
Une vache
Le Soleil
Un arc-en-ciel
Du texte en arabe
Du texte en latin
Une étoile
La forme du pays
Un aigle
Une rose
Du texte en chinois
Du texte en russe
Un globe terrestre
Un ours
Une chaussure
Une femme
Un tigre
Un crocodile
Une voiture
Un chien
Un éléphant
 
Statistiques - réponses
Réponse % Correct
Argentine, Japon, Namibie, Taïwan... Le Soleil
81%
Brésil, États-Unis, Tunisie... Une étoile
79%
Afghanistan, Arabie Saoudite, Brunei... Du texte en arabe
78%
Algérie, Pakistan... Un croissant de lune
78%
Albanie, Mexique... Un aigle
76%
Chypre, Kosovo La forme du pays
71%
Liban, Guinée équatoriale Un arbre
70%
Liechtenstein, Monténégro Une couronne
70%
Bhoutan Un dragon
66%
Mozambique, Guatemala Un fusil
64%
Cambodge Un temple
60%
Andorre, Belize, Saint-Marin, Espagne... Du texte en latin
53%
Kenya, Eswatini... Une lance
49%
Belize Un homme
45%
Mexique Un serpent
42%
Mongolie Du feu
39%
Belize, Équateur Un navire
36%
Vatican Une clé
35%
Salvador, Nicaragua Un arc-en-ciel
22%
Andorre, Moldavie Une vache
12%
Aucun quiz correspondant
Distribution des résultats
% des personnes avec chaque résultat
Percentile par nombre de réponses
Votre historique - résultats
Vous n’avez pas pris ce quiz depuis la dernière actualisation